[Event "Ontario-ch U20 U1800"]
[Site "Mississauga"]
[Date "2019.01.12"]
[Round "2.13"]
[White "Wang, Zhixing"]
[Black "Sharma, Vishruth"]
[Result "0-1"]
[WhiteElo "1324"]
[BlackElo "1641"]
[PlyCount "81"]
[EventDate "2019.01.12"]
[EventType "swiss"]
[EventRounds "5"]
[EventCountry "CAN"]
[SourceTitle "EXT 2022"]
[Source "ChessBase"]
[SourceDate "2021.10.06"]
[SourceVersion "1"]
[SourceVersionDate "2021.10.06"]
[SourceQuality "1"]

1. e4 e5 2. Nf3 Nc6 3. Bc4 Bc5 4. c3 Nf6 5. d3 0-0 6. 0-0 d6 7. Nbd2 Be6 8. Bb3 a6 9. Re1 Ba7 10. Nf1 Na5 11. Bc2 c5 12. Ng3 Nc6 13. Nh4 Ne7 14. Be3 b5 15. Rc1 Qc7 16. Qe2 Rfd8 17. d4 Rac8 18. d5 Bd7 19. Qd2 h6 20. a3 Kh7 21. Kh1 c4 22. Bxa7 Qxa7 23. Qe3 Qxe3 24. Rxe3 g5 25. Nf3 Ng6 26. Kg1 Nf4 27. Ne2 g4 28. h3 Nxe2+ 29. Rxe2 gxh3 30. Re3 hxg2 31. Kxg2 Nh5 32. Rg1 Rg8+ 33. Kf1 Rxg1+ 34. Kxg1 Rg8+ 35. Kf1 Nf4 36. Ng1 Rg6 37. b3 cxb3 38. Bxb3 h5 39. c4 h4 40. Rf3 h3 41. Rg3 0-1

[Event "CAN-ch U10"]
[Site "Quebec"]
[Date "2018.07.04"]
[Round "5.117"]
[White "Wang, Zhixing"]
[Black "Zhang, Kevin4"]
[Result "1-0"]
[WhiteElo "1127"]
[BlackElo "1838"]
[PlyCount "59"]
[EventDate "2018.07.02"]
[EventType "swiss"]
[EventRounds "7"]
[EventCountry "CAN"]
[SourceTitle "EXT 2022"]
[Source "ChessBase"]
[SourceDate "2021.10.06"]
[SourceVersion "1"]
[SourceVersionDate "2021.10.06"]
[SourceQuality "1"]

1. e4 e5 2. Nf3 Nc6 3. Bc4 Nf6 4. d3 Be7 5. 0-0 0-0 6. c3 h6 7. Re1 Bc5 8. d4 exd4 9. cxd4 Bb4 10. Nc3 Re8 11. e5 Nh7 12. a3 Bxc3 13. bxc3 d6 14. exd6 Rxe1+ 15. Qxe1 cxd6 16. Bf4 Bg4 17. Qe3 d5 18. Ba2 Qd7 19. Re1 Nf6 20. Ne5 Qe7 21. Nxg4 Nxg4 22. Qxe7 Nxe7 23. Rxe7 Kf8 24. Re1 Rc8 25. Bxd5 Rxc3 26. h3 Nf6 27. Bxb7 Rxa3 28. Bd6+ Kg8 29. Bxa3 a5 30. d5 1-0

[Event "CAN-ch U10"]
[Site "Quebec"]
[Date "2018.07.03"]
[Round "3.126"]
[White "Wang, Zhixing"]
[Black "Huang, Ivan"]
[Result "1-0"]
[WhiteElo "1127"]
[BlackElo "696"]
[PlyCount "57"]
[EventDate "2018.07.02"]
[EventType "swiss"]
[EventRounds "7"]
[EventCountry "CAN"]
[SourceTitle "EXT 2022"]
[Source "ChessBase"]
[SourceDate "2021.10.06"]
[SourceVersion "1"]
[SourceVersionDate "2021.10.06"]
[SourceQuality "1"]

1. e4 e5 2. Nf3 Nc6 3. Bc4 Bc5 4. d3 Nf6 5. 0-0 d6 6. c3 d5 7. exd5 Nxd5 8. Re1 f6 9. d4 Bb6 10. dxe5 Nce7 11. exf6 gxf6 12. Bxd5 c6 13. Bb3 Qc7 14. Be3 Bg4 15. Bxb6 Qxb6 16. Qd4 c5 17. Qxg4 f5 18. Qg7 0-0-0 19. Qxe7 Rhf8 20. Nbd2 Qc6 21. Qe6+ Qxe6 22. Rxe6 b5 23. h3 c4 24. Bc2 Rg8 25. Bxf5 Kc7 26. Rae1 h5 27. Re7+ Kb6 28. R1e6+ Ka5 29. Rxa7# 1-0